000 00265nam a2200121Ia 4500
008 190216s9999||||xx |||||||||||||| ||und||
100 _aKamat N D
245 0 _aText Book Of Algae
260 _bS Chand & Co
_c1976
300 _a162p
650 _aBotany
942 _cBK
999 _c1282
_d1282